000 00301cam a22001217a 4500
008 180718b1972 xxu||||| |||| 00| 0 eng d
082 _aH R199
100 _aRawls, John
245 _aTheory of justice
_cby John Rawls
260 _aOxford
_bClarendon Press
_c1972
300 _a607p.
650 _aJustice
999 _c352577
_d352577